000 00249nam a2200109Ia 4500
008 220120s9999||||xx |||||||||||||| ||und||
020 _a435125303
100 _aSasrty, D.H
245 0 _aIncal 98 procesdings
260 _bOxford
300 _a215p.
_b0
999 _c136472
_d136472